|
|
|
|
| LEADER |
00000nas a22000003u 4500 |
| 001 |
ssib024688187 |
| 003 |
WaSeSS |
| 005 |
20200512172242.0 |
| 006 |
m d |
| 007 |
cr n |
| 008 |
200512uuuuuuuuu||||| |ss|||||| ||||||d |
| 022 |
|
|
|y 2205-3204
|
| 035 |
|
|
|a (WaSeSS)ssib024688187
|
| 040 |
|
|
|a WaSeSS
|c WaSeSS
|d WaSeSS
|
| 245 |
0 |
0 |
|a International Review of Environmental History
|h [electronic resource].
|
| 260 |
|
|
|a [S.l.] :
|b Anu E Press
|
| 500 |
|
|
|a Title from content provider.
|
| 506 |
|
|
|a License restrictions may limit access.
|
| 655 |
|
0 |
|a Electronic journals.
|
| 856 |
4 |
0 |
|z Full text available from Research Library: 01/01/2015 to present
|u https://search.proquest.com/publication/2069367
|